000 00452nam a22001817a 4500
005 20160119135617.0
008 160119b xxu||||| |||| 00| 0 eng d
020 _cRs.5
040 _aLoreto College
082 _a891.44
_bBAN
245 _aBidyasagar granthaboli sahityo
250 _bSunitikumar Chattopadhay
260 _aKolkata
_bRanjan publishing house
300 _a475p.
650 _aBengali literature
850 _aLCLIB
942 _cBK
999 _c40377
_d90856